[Event "Biel 53rd"]
[Site "Biel"]
[Date "2020.07.28"]
[Round "6"]
[White "Studer, Noel"]
[Black "Adams, Michael"]
[Result "0-1"]
[WhiteElo "2580"]
[BlackElo "2701"]
[Annotator "Adams,M"]
[PlyCount "84"]
[EventDate "2020.07.21"]
[EventType "tourn"]
[EventRounds "7"]
[EventCountry "SUI"]
[EventCategory "17"]
[SourceTitle "CBM 197"]
[Source "ChessBase"]
[SourceDate "2020.07.27"]
[SourceVersion "1"]
[SourceVersionDate "2020.07.27"]
[SourceQuality "1"]

{[%evp 0,84,58,26,26,-12,-16,-16,-15,-15,13,13,19,19,63,26,61,24,11,11,5,19,44,
5,29,10,43,54,47,35,50,42,54,43,78,19,28,28,21,21,24,17,7,6,32,17,32,36,48,6,7,
3,30,-26,-35,-54,-35,-45,-36,-24,-8,-21,-97,-97,-97,-117,-117,-96,-104,-104,
-104,-120,-129,-124,-124,-124,-123,-150,-85,-598,-804,-804,-496,-1013,-922,
-1126,-1129] This was actually our sixth over the board game of the year,
which is quite a lot in 2020. Our first, which was drawn, in Gibraltar took
place in a very different world. In our earlier encounters in Biel, I thought
I was doing well in a Fischer Random game, attacking my opponent's king, which
I happily thought was stuck in the centre. He then unexpectedly castled to
safety, incidentally threatening mate in one, which was a decidely unpleasant
surprise, how I won that game remains something of a mystery. I managed to
score more convincingly in the Rapid, although my share of the points in the
blitz was pretty fortuitous. Dies war tatsächlich unsere sechste
Am-Brett-Partie des Jahres, was 2020 eine ganze Menge ist. Unsere erste in
Gibraltar, die Remis ausging, fand in einer ganz anderen Welt statt. In
unseren vorherigen Begegnungen in Biel meinte ich in einer
Fischer-Random-Partie, den gegnerischen König angreifend, welchen ich
fröhlich im Zentrum festzuhalten glaubte, gut zu stehen. Dann rochierte er
unversehens in Sicherheit, nebenbei mit einzügiger Mattdrohung, was eine
ausgesprochen unangenehme Überraschung war; wie ich diese Partie gewann,
bleibt ein gewisses Mysterium. Überzeugender vermochte ich im Rapid zu
punkten, wenngleich meine Ausbeute im Blitz ziemlich glücklich war.} 1. d4 Nf6
2. c4 e6 3. Nf3 d5 4. Nc3 ({My opponent is something of an expert after Mein
Gegner ist eine Art Experte nach} 4. g3 {as occurred in our Blitz game with
the same colours, and I hadn't really considered him entering the QGD instead.
He proved very well informed here too, however. , wie in unserer Blitzpartie
mit den gleichen Farben geschehen, und ich hatte nicht wirklich erwogen, dass
er stattdessen ins Angenommene Damengambit geht. Er erwies sich allerdings
auch hier als ziemlich gut informiert.}) 4... Be7 5. Bf4 O-O 6. e3 Nbd7 7. c5
c6 {After a bad loss the previous day, I settled for a solid line where I have
some experience. Nach einer bösen Schlappe am Vortag wählte ich eine solide
Variante, in der ich einige Erfahrung habe.} 8. h3 b6 9. b4 a5 10. a3 h6 11.
Qc1 Bb7 12. Be2 Qc8 13. O-O Ba6 14. Qc2 Bxe2 ({I had previously played Zuvor
hatte ich} 14... Qb7 15. Rfc1 {in a game with Ding Liren. gespielt, in einer
Partie mit Ding Liren.}) 15. Qxe2 Qb7 16. Rfb1 {Noel chooses another square
for the rook opposite my queen, facilitating b5 ideas. Noel wählt ein anderes
Feld für den Turm gebenüber meiner Dame, was b5-Ideen erleichtert.} Ra7 $5 ({
It's too early to release the tension: Es ist zu früh, die Spannung
aufzuheben:} 16... axb4 $6 17. axb4 Rxa1 $2 18. Rxa1 Ra8 19. Rxa8+ Qxa8 20. Qa2
Qb7 (20... Qxa2 $2 21. Nxa2 b5 22. Nd2 $1 $18) 21. Qa4 {leaves the c6 pawn
very vulnerable. macht den c6-Bauern sehr anfällig.}) ({The thematic Das
thematische} 16... Rfc8 $5 {was worth considering. kam in Betracht.}) 17. Qc2 (
{It seems more natural to transfer the knight to the queenside immediately,
but this move is necessary as Natürlicher wirkt es, den Springer sofort zum
Damenflügel zu transferieren, aber dieser Zug ist nötig, da} 17. Nd2 $2 axb4
18. axb4 Rxa1 19. Rxa1 bxc5 20. bxc5 Qb2 {is rather embarrassing. My
opponent's moves were coming sufficiently quickly, that I suspected he was
still within preparation. ziemlich peinlich ist. Die Züge meines Gegners
kamen hinreichend schnell, so dass ich vermutete, er noch innerhalb der
Vorbereitung war.}) 17... axb4 (17... Rc8 $5 {was interesting, after war
interessant, nach} 18. Nd2 {the surprising ist das überraschende} Rca8 $1 {
taking the delayed route to a8 is now good as , was die verzögerte Route nach
a8 einschlägt, nunmehr gut, da} 19. b5 $2 {now no longer works, as White's
knight can't come to e5. nicht länger funktioniert, da der weiße Springer
nicht nach a5 kommen kann.} bxc5) ({I didn't like Mir missfiel} 17... Rfa8 18.
b5 $1 a4 19. bxc6 (19. cxb6 Qxb6 20. Nxa4 Rxa4 21. bxc6 Qa6 22. cxd7 Nxd7 $11)
19... Qxc6 20. Ne5 $1 Nxe5 21. Rxb6 Qe8 22. Nb5 $1 (22. Bxe5 Nd7) 22... Nc6 23.
Nxa7 Rxa7 24. Qd3 {looks more pleasant for White. wirkt angenehmer für Weiß.}
) 18. axb4 Rfa8 19. Rxa7 Rxa7 (19... Qxa7 20. b5 {looked worrying. sah
besorgniserregend aus.}) 20. Qc1 ({We both underestimated the dangers after
Wir beide unterschätzten die Gefahren nach} 20. b5 $1 {Black must walk a
tightrope to survive. Es braucht einen Drahtseilakt, damit Schwarz überlebt.}
Ra5 (20... bxc5 $2 {is very dangerous: ist brandgefährlich:} 21. dxc5 Nxc5 22.
Nd4 cxb5 23. Ncxb5 Ra6 24. Nd6 Qa7 25. N4b5 Qd7 26. Qxc5 Ne4 27. Qc8+ Qxc8 28.
Nxc8) 21. bxc6 $1 (21. cxb6 cxb5 22. Nxb5 Ra6 $1 {holds. hält.}) 21... Qxc6
22. cxb6 (22. Ne5 Nxe5 23. Rxb6 Qa8 24. Bxe5 Nd7) 22... Ra3 $1 23. b7 g5 $1 {
Hardly an obvious way to play. Kaum eine offensichtliche Spielweise.} 24. b8=Q+
Nxb8 25. Rxb8+ Kg7 26. Be5 (26. Rb3 gxf4 $11) 26... Rxc3 27. Qa2 Bd6 {hangs on.
klammert.}) 20... Qa8 21. Nd2 Ne8 ({I considered the thematic Ich erwogt das
thematische} 21... b5 $5 {which makes sense with my good control of the a-file.
I was worried by , was bei meiner guten Kontrolle über die a-Linie Sinn
ergibt. Sorge machte mir} 22. f3 {aiming to push the e-pawn, although this
strategy has its drawbacks. mit der Absicht, den e-Bauern vorzustoßen,
wenngleich diese Strategie ihre Schattenseiten hat.} ({The best is Am besten
ist} 22. Nb3 $1 Ne4 23. Ne2 $1 (23. Nxe4 dxe4 {with the knight heading to d5
is fine for Black. mit dem Springer nach d5 blickend ist prima für Schwarz.})
23... Ra2 24. Kf1 {followed by f3 and Nc3 expelling the rook. nebst f3 und Sc3
mit Rauswurf des Turms.}) 22... Nf8 23. e4 dxe4 24. fxe4 Ng6 25. Bh2 (25. Bd6
Bxd6 26. cxd6 e5 $1) 25... e5 $1 26. dxe5 Nd7 {With good dark square play. Mit
gutem schwarzfeldrigen Spiel.}) 22. Nb3 Nc7 ({I thought Mir schien} 22... bxc5
23. bxc5 Bf6 24. e4 dxe4 25. Nxe4 Ra4 {too risky with my knight on the back
rank, but the computer sees it as playable. zu riskant mit meinem Springer auf
der Grundreihe, aber Computer sieht es als spielbar an.}) 23. Bg3 ({This move
starts drifting a little, the trickier Dieser Zug geht ein bisschen in die
falsche Richtung, das raffiniertere} 23. Ra1 $5 {requires Black to be alert.
erfordert Wachsamkeit von Schwarz.} bxc5 $1 {The right moment to swap these
pawns. Der richtige Moment für den Tausch dieser Bauern.} (23... Rxa1 24. Qxa1
Qxa1+ 25. Nxa1 {looks dangerous. sieht gefährlich aus.}) 24. Rxa7 (24. Bxc7 c4
$1 $17) 24... Qxa7 25. bxc5 Bf6 {aiming for e5. mit der Absicht e5.}) 23...
bxc5 24. bxc5 Bf6 {If I can play e5 followed by Ne6, life will begin looking
up. Wenn ich zu e5 nebst Se6 komme, macht das Leben langsam wieder Spaß.} 25.
e4 (25. Bd6 Ne8 26. Bg3 {was a sensible bail out, but hardly fits with White's
last move. war eine vernünftige Ausrede, passt aber kaum zu dem letzten
weißen Zug.}) (25. Ra1 $6 Rxa1 26. Qxa1 Qxa1+ 27. Nxa1 Na6 $1 {creates some
problems, the awkward position of the knights mean that the c5 pawn cannot be
easily saved. An unusual occurance with this pawn structure! schafft einige
Probleme; die missliche Position der Springer bedeutet, dass der c5-Bauer
nicht leicht zu retten ist. Ein ungewöhnliches Vorkommnis bei dieser
Bauernstruktur!} 28. Nb3 $1 Ndxc5 $1 29. Na5 $1 Nb4 30. Nxd5 $1 {The knight
interplay succeeds in limiting the damage. Das Springerzwischenspiel schafft
es, den Schaden in Grenzen zu halten.}) 25... dxe4 26. Nxe4 $2 (26. Bxc7 $1 {
removing my strong knight was necessary, mit Beseitigung meines starken
Springers war nötig,} Rxc7 27. Nxe4 Ra7 {the computer regards as equal. I
would still prefer to play Black here. erachtet Computer als ausgeglichen. Ich
würde hier trotzdem lieber Schwarz spielen.}) 26... Nb5 $1 ({Probably my
opponent only considered Wahrscheinlich hatte mein Gegner nur} 26... Nd5 {
although this is also fine for me, but by attacking the pawn on d4 at once,
Black claims a clear edge. It's also handy to block the b-line. erwogen,
obwohl das auch prima für mich ist, aber durch das sofortige Angreifen des
Bauern auf d4 beansprucht Schwarz ein klares Plus. Es ist außerdem nützlich,
die b-Linie zu blockieren.}) 27. Qd2 (27. Qe3 Ra3 {followed by Qa4 is also bad.
nebst Qa4 ist ebenfalls schlecht.}) (27. Nxf6+ Nxf6 {and my other knight will
head to d5. und mein anderer Springer wird nach d5 streben.}) 27... Ra2 (27...
Ra4 28. Nc3 $1) 28. Rb2 Rxb2 (28... Ra3 $5 {is good, but I saw a tactical
chance. ist gut, aber ich sah eine taktische Chance.}) 29. Qxb2 Qa4 30. Nc3 (
30. Nxf6+ Nxf6 {looks too depressing. wirkt zu deprimierend.}) 30... Qb4 $1 (
30... Nxc3 31. Qxc3 {is less impressive. ist weniger beeindruckend.}) 31. Nxb5
Nxc5 $1 {A neat way to exploit the pin. The second time in the game the pawn
on c5 has been unexpectedly targeted. Ein eleganter Weg, die Fesselung
auszunutzen. Zum zweiten Mal in der Partie wird unerwarteterweise der Bauer
auf c5 aufs Korn genommen.} 32. Qa2 $1 Nxb3 33. Qa8+ Kh7 34. Qxc6 Qe1+ 35. Kh2
Nd2 {With little time it is very hard to defend with White here. Mit wenig
Zeit ist es sehr schwer, sich hier mit Weiß zu verteidigen.} ({The most
practical Das sehr pragmatische} 35... Nxd4 $5 36. Nxd4 Bxd4 37. Qf3 f5 38. Qf4
{is probably holdable. ist wahrscheinlich haltbar.}) 36. Qc2+ (36. h4 Qd1 $1
37. Qc7 Nf1+ 38. Kh3 Bxh4 $1 {leads to a dazzling finish. führt zu einem
umwerfenden Finale.} 39. Bxh4 (39. Kxh4 g5+ 40. Kh3 Qh5+) (39. Qxf7 Bxg3 40.
fxg3 Ne3 $19) 39... Qd3+ 40. g3 (40. Bg3 Qf5+) 40... Qf3 $19) 36... g6 37. h4
Qe2 (37... Nf1+ 38. Kh3 Nxg3 39. Kxg3 Kg7 $17 {is also awkward, but the game
move gives real chances of a quick finish. ist auch misslich, aber der
Partiezug gibt reelle Chancen auf ein schnelles Finale.}) 38. Qc6 $2 ({I
thought Ich hielt} 38. Kh1 $5 {a good defence, and at least practically this
is true, the winning für eine gute Verteidigung, und zumindest praktisch
gesehen stimmt das auch; das siegbringende} e5 $1 {is far from obvious. liegt
keineswegs auf der Hand.} (38... Qxb5 39. Qxd2 Qd5 $17) 39. dxe5 (39. d5 e4 40.
Qc7 Qd1+ 41. Kh2 Nf1+ 42. Kh3 Qxd5 $19) (39. Qc7 Qd1+ 40. Kh2 Nf1+ 41. Kh3 Nxg3
42. Qxf7+ Bg7 43. Kxg3 Qd3+ $19) 39... Bxe5 40. Bxe5 Qe1+ 41. Kh2 Qxe5+ 42. Kh3
Qe6+ 43. Kh2 Nf1+ 44. Kg1 Qe1 45. Qc3 Nd2+ 46. Kh2 Qxf2 $19) (38. Kh3 $5 {
is also a sensible move. ist auch ein vernünfiger Zug.} h5 39. Qc1 $1 Qxb5 40.
Qxd2 Qd7 (40... Qf5+ $5 41. Kh2 Qe4) 41. Kh2 Qxd4 {doesn't look easy for White
with the pawn fixed on h4. sieht nicht leicht aus für Weiß mit dem auf h4
festgelegten Bauern.}) 38... h5 $1 39. Nc3 {It took me most of my remaining
time to see this loses in a straightforward way. Ich brauchte den Großteil
meiner verbleibenden Zeit, um zu sehen, dass dies auf direkte Weise verliert} (
39. Qd7 {also falls short: scheitert ebenfalls:} Bg7 $1 (39... Nf1+ {also
works: funktioniert auch:} 40. Kg1 Qe1 41. Qxf7+ Bg7 42. Be5 Ne3+ 43. Kh2 Ng4+
44. Kg3 (44. Kh3 Nxf2+ $19) 44... Nxe5 45. dxe5 Qxe5+ $19) 40. Qxf7 (40. Be5
Qxf2 $1 41. Bxg7 Nf3+ 42. Kh3 Qxh4#) 40... Nf1+ 41. Kg1 Nxg3 42. fxg3 Qxb5 $19)
(39. Qe8 Bg7 $1) 39... Nf1+ 40. Kg1 Qe1 41. Qe4 (41. Be5 Ne3+ 42. Kh2 Ng4+ $19)
41... Ne3+ $1 {This deadly discovered check brings down the curtain. Dieses
tödliche Abzugsschach lässt den Vorhang fallen.} 42. Kh2 Ng4+ 0-1

[Event "Czerniak Memorial 15th"]
[Site "Tel Aviv"]
[Date "1999.04.04"]
[Round "5"]
[White "Alterman, Boris"]
[Black "Lutz, Christopher"]
[Result "1/2-1/2"]
[WhiteElo "2615"]
[BlackElo "2610"]
[Annotator "Alterman,B"]
[PlyCount "90"]
[EventDate "1999.03.??"]
[EventType "tourn"]
[EventRounds "9"]
[EventCountry "ISR"]
[EventCategory "10"]
[SourceTitle "CBM 071"]
[Source "ChessBase"]
[SourceDate "1999.08.01"]
[SourceVersion "1"]
[SourceVersionDate "1999.08.01"]
[SourceQuality "1"]

1. d4 d5 2. c4 e6 3. Nc3 Be7 4. Nf3 Nf6 5. Bf4 O-O 6. e3 c5 7. dxc5 Bxc5 8. a3
Nc6 9. Qc2 Qa5 10. Rd1 Be7 11. Nd2 e5 12. Bg5 d4 13. Nb3 Qd8 14. Be2 a5 15. Na4
g6 16. Bxf6 (16. exd4 Bf5 17. Qc1 exd4 18. O-O Re8 19. Rfe1 {N} (19. Bf3) (19.
Bd3 Bxd3 20. Rxd3 Ng4 21. Bxe7 Qxe7 22. Rg3 Qh4 23. Rh3 Qf6 24. Nb6 Rad8 25.
Nd5 Qe5 26. Nc5 $16 {Giorgadze,G-Levin,F/Naleczow op 1989/EXT 89op2/1-0 (62)})
19... Rc8 20. Be3 $2 dxe3 21. Rxd8 exf2+ 22. Kxf2 Bxd8 23. Kg1 Ne5 $17 {
0-1 Huebner,R-Short,N/Tilburg 1988/Inf 46}) 16... Bxf6 17. c5 {[%csl Gb6]} (17.
O-O Qc7 (17... Bg7 {N} 18. c5 Qh4 19. e4 Be6 20. Bd3 f5 21. Nd2 Rf7 22. Rde1
Raf8 23. Nc4 fxe4 24. Rxe4 Qg5 25. h4 Qe7 26. Nd6 Rf4 27. Bc4 Bxc4 28. Qxc4+
Kh8 29. g3 Rf3 30. Nb6 Bh6 31. Nd5 Qe6 32. Kg2 b5 $40 {0-1 Shneider,A-Kruppa,Y/
Podolsk GMA-qual 1989/EXT 89 (38)}) 18. c5 Be6 (18... dxe3 $5 $13) 19. e4 Bg5 (
19... Ne7 $8 20. Nd2 (20. Bc4 $5 Bxc4 21. Qxc4 Qc6 22. Nb6 Ra6 23. Nd5 Rd8 $8
24. Nxf6+ Qxf6 25. f4 exf4 26. Nxd4 $14) 20... Bg5 $1 21. Nf3 Bh6 22. Bc4 $6 (
22. Nb6 Rad8 23. b4 axb4 24. axb4 Kh8 25. h3 $1 {/\ Bc4+/=}) 22... Bg4 $1 23.
Rd3 Kh8 $132 {1/2-1/2 Ftacnik,L-Kotronias,V/Thessaloniki (ol) 1988/Inf 46/
[Kotronias,V] (30)}) 20. Bc4 Rac8 21. Rfe1 Kh8 22. Nd2 Bxd2 {1/2-1/2 Ftacnik,
L-Ubilava,E/Belgrade GMA 1988/TD 88\07}) 17... Bf5 $6 (17... Be6 18. e4 Qe8 19.
Nb6 a4 20. Nd2 Ra5 21. Bd3 Be7 22. Nxa4 Nb8 23. b3 Bxb3 24. Nxb3 Rxa4 25. Ra1
Qc6 26. O-O Nd7 27. Qe2 Nxc5 28. Rfc1 Ra7 29. Nxc5 Bxc5 30. a4 Qd6 31. Qa2 b6
32. Qb3 $17 {0-1 Alterman,B-Kasparov,G/ISR vs Kasparov sim, Tel Aviv ISR (2.1)
1998 (50)}) (17... Bg7 18. O-O Qh4 19. e4 Be6 20. Nb6 (20. Bd3) (20. Bd3 Bh6
21. Nd2 Bg4 22. Rde1 Bf4 23. g3 Qh5 24. gxf4 Bf3 25. Nxf3 Qg4+ $11 {Shneider,A;
Gurevich,V}) 20... Rad8 21. Bc4 Bh6 22. Bxe6 fxe6 23. Qd3 Rf7 24. Nc4 Rdf8 25.
g3 Qh5 26. Qc2 {[#]} Rxf2 $1 $19 {0-1 Ostenstad,B-Boensch,U/Novi Sad olm 1990/
TD 90\06 (40)}) 18. e4 Be6 19. O-O Qe8 20. Nc1 {[%cal Gc1d3][%mdl 52]} (20. Nb6
a4 21. Nd2 Ra5 22. Ndc4 (22. Nbc4 Bxc4) 22... Bxc4 (22... Rxc5 23. Nxa4) 23.
Bxc4 Nd8 $14) 20... Bd8 (20... d3 21. Qxd3 (21. Bxd3 Nd4) 21... Nd4 22. Nc3 Rd8
$44 {[%csl Gb3][%cal Gd8d1,Ge8c6,Rd4e2]}) 21. Bc4 Bg4 22. Rde1 Bc7 23. Nd3 Kg7
24. Bd5 Rb8 25. Nb6 $1 Qe7 (25... Bxb6 26. cxb6 Rc8 27. Qd2 $16) 26. Qa4 $6 (
26. Qd2 $1 {[%cal Gd2h6,Gd2a5,Rf2f4]} Bxb6 27. cxb6 Bd7 28. f4 $16) 26... Bxb6
27. cxb6 Bd7 28. Bxc6 Bxc6 29. Qxa5 Ra8 $1 30. Qd2 (30. Qxe5+ Qxe5 31. Nxe5 Bb5
32. Rd1 Bxf1 33. Kxf1 $44) 30... Bb5 31. f4 Bxd3 32. Qxd3 Rac8 33. Rc1 Rxc1 34.
Rxc1 Qf6 35. fxe5 Qxb6 36. b4 Rd8 37. h3 Qe6 38. Rc5 b6 39. Rb5 Qc6 40. a4 Rd7
41. a5 (41. Kh2 $14) 41... bxa5 42. bxa5 Qa6 43. Kh2 Rb7 44. Rb3 Qxd3 45. Rxd3
Ra7 1/2-1/2

[Event "Dortmund op-A"]
[Site "Dortmund"]
[Date "1992.??.??"]
[Round "5"]
[White "Lputian, Smbat G"]
[Black "Petrosian, Arshak B"]
[Result "1-0"]
[WhiteElo "2560"]
[BlackElo "2470"]
[Annotator "Anand,V"]
[PlyCount "80"]
[EventDate "1992.04.??"]
[EventType "swiss"]
[EventRounds "11"]
[EventCountry "GER"]
[SourceTitle "CBM 029"]
[Source "ChessBase"]
[SourceDate "1992.08.01"]
[SourceVersion "1"]
[SourceVersionDate "1992.08.01"]
[SourceQuality "1"]

1. d4 Nf6 2. c4 e6 3. Nf3 d5 4. Nc3 Be7 5. Bf4 c6 6. e3 Nbd7 7. h3 O-O 8. a3 (
8. cxd5 Nxd5 $1 (8... exd5 9. Bd3 Re8 10. Qc2 Nf8 11. g4 $14) 9. Nxd5 (9. Bh2
Bb4 10. Rc1 Qa5 11. Qb3 c5 $13) 9... exd5 $10) 8... b6 9. cxd5 Nxd5 10. Nxd5
exd5 (10... cxd5 $2 11. Rc1 $16) 11. Bd3 c5 12. dxc5 bxc5 (12... Nxc5 13. O-O
$36) 13. O-O Qb6 14. b4 $5 {Typical Lputian.} cxb4 15. axb4 Bxb4 16. Nd4 Nc5
17. Bc2 Ba6 18. Rxa6 {Having said A....} Qxa6 (18... Nxa6 $1 19. Nf5 $40) 19.
Qb1 Qb6 20. Bxh7+ Kh8 21. Qf5 Ne4 (21... g6 22. Qg5 Kxh7 23. Qh6+ Kg8 24. Be5
f6 25. Qxg6+ Kh8 26. Nf5 $18) 22. Rc1 g6 23. Qg4 Be7 $1 (23... Kxh7 24. Qh4+
Kg8 25. Rc6 (25. Be5 f6 26. Rc7 Rf7 27. Rxf7 Kxf7 28. Qh7+ Ke8 29. Qh8+ Ke7 30.
Qg7+ $10) 25... Qd8 26. Qh6 Bd6 (26... Be7 $6 27. Be5 (27. Rxg6+ fxg6 28. Qxg6+
Kh8 29. Qh6+ $10 (29. Ne6 Bf6)) 27... Bf6 28. Rxf6 Nxf6 29. Nf5 gxf5 30. Bxf6
Qxf6 31. Qxf6 a5 32. h4 $16) 27. Rxd6 $1 Nxd6 28. Be5 f6 29. Qxg6+ Kh8 30. Qh6+
$10 (30. Qh5+ Kg8 31. Qg4+ Kh7 (31... Kf7 32. Qe6+ $40) 32. Qh4+ Kg8 33. Qg3+
Kf7 34. Bxd6 Rg8 $13)) 24. Nf5 Kxh7 (24... gxf5 25. Bxf5 Rg8 26. Qh5+ Kg7 27.
Rc7 $44) (24... Qe6 $5 25. Nxe7 Qxe7 26. Bxg6 fxg6 27. Qxg6 Rac8 (27... Rg8 28.
Qh5+ Qh7 29. Be5+ $18) (27... Rf6 28. Qh5+ Qh7 29. Qxd5 $44) 28. Qh6+ Kg8 (
28... Qh7 29. Be5+ Kg8 30. Qe6+ Qf7 31. Qg4+ $18) 29. Qg6+ Kh8 $10 (29... Qg7
30. Qe6+ Qf7 31. Qg4+ $10)) 25. Nxe7 Qf6 26. Nxd5 Qf5 27. Qh4+ Qh5 28. Qxh5+
gxh5 29. f3 $44 {Black was also in time trouble here} Nd2 30. Rc6 Rac8 31. Ra6
Rc1+ 32. Kf2 Rc2 33. Kg3 Nf1+ 34. Kh4 Rxg2 35. Nf6+ Kh8 36. Nxh5 Rg6 37. Rxa7
Nd2 38. Be5+ f6 39. Nxf6 Rgxf6 (39... Nxf3+ 40. Kh5 Rgxf6 41. Bxf6+ Rxf6 $10)
40. Bxf6+ Rxf6 {time} (40... Rxf6 41. f4 Re6 $10) 1-0